00525nam a2200157 a 450000100100000000500170001000800410002704000250006808200150009310000190010824500650012726000460019230000210023850400750025950400330033400004148920201002034933.0131008s1978 ag 000 0 spa d aDO-SdBNPbspacBNPHU axxxxbxxxx1 aSlavson, S. R.10aTratado de psicoterapia grupal analítica /cS. R. Slavson. aBuenos Aires, Argentina :bPaidos,c1978. a487 p. ;c23 cm. aIncluye referencias bibliográficas y notas al píe de las páginas aBibliografías : p. 486-487